| 000 | 00982cam a2200277 a 4500 | ||
|---|---|---|---|
| 001 | 634809 | ||
| 003 | OSt | ||
| 005 | 20170105113027.0 | ||
| 008 | 930526s1994 flua b 001 0 eng | ||
| 010 | _a 93023018 | ||
| 020 | _a0849399181 (acidfree paper) | ||
| 040 |
_aDLC _cDLC _dDLC |
||
| 050 | 0 | 0 |
_aTJ260 _b.H46 1994 |
| 082 | 0 | 0 |
_a621.402/2 _220 |
| 100 | 1 |
_aHewitt, G. F. _q(Geoffrey Frederick) |
|
| 245 | 1 | 0 |
_aProcess heat transfer / _cG.F. Hewitt, G.L. Shires, T.R. Bott. |
| 260 |
_aBoca Raton : _bCRC Press : _bBegell House, _cc1994. |
||
| 300 |
_axix, 1042 p. : _bill. ; _c26 cm. |
||
| 504 | _aIncludes bibliographical references and index. | ||
| 650 | 0 |
_aHeat _xTransmission. |
|
| 700 | 1 | _aShires, G. L. | |
| 700 | 1 |
_aBott, T. R. _q(Theodore Reginald), _d1927- |
|
| 906 |
_a7 _bcbc _corignew _d1 _eocip _f19 _gy-gencatlg |
||
| 942 |
_2ddc _cBK |
||
| 999 |
_c31678 _d31678 |
||